| 000 | 00423nam a22001217a 4500 | ||
|---|---|---|---|
| 999 |
_c9327 _d9327 |
||
| 003 | OSt | ||
| 008 | 201203b ||||| |||| 00| 0 eng d | ||
| 245 | _aJournal of Civil Engineering and Construction Review | ||
| 250 | _a2017(Jan Vol.30 No1, Feb Vol.30 No2,Mar Vol.30 No3.Apr Vol.30 No4, May Vol. 30 No5, Jun Vol.30 No 6) | ||
| 260 |
_aNew Delhi _bTrend Set Engineers Pvt. Ltd. |
||
| 650 | _aCivil Engineering | ||
| 942 |
_2ddc _cBV |
||